000 01011cab a22002175a 4500
001 L137417
008 070404e20070317xxkado f 000 0 eng d
035 _a(Sirsi) u137417
041 0 _aeng
100 1 _aCunningham, Daniel
245 0 0 _aFocus
_bSouth Wales special
260 _c2007
490 0 _aEstates Gazette
_v17 March 2007, 93-121(29)
520 _aAreas covered include: the effect on the local office market of the withdrawal of Barclays Bank from the Cardiff Gate development; the effect of both the leadership and changes in Welsh government on the property market; the redevelopment of the Swansea retail market; development opportunities for mixed-use schemes on the Barry waterfront; the effect of changes to the EU grant system on property; and development opportunities in Neath town centre.
590 _aKA
651 4 _aWales
_y1998-2007
690 _aPROPERTY-COMMERCIAL PROPERTY-COMMERCIAL PROPERTY MARKET
700 1 _aFaithfull, Mark
700 1 _aRobson, Claire
942 _n0
999 _c78594
_d78594